My First Book of English 3 : (Záznam č. 34173)
| 000 -Návěští | |
|---|---|
| Řídící pole kódované 24B | 01280nam a22003733i 4500 |
| 001 - Kontrolní číslo | |
| Řídící pole proměnné | 1417810 |
| 003 - Identifikátor kontrolního čísla | |
| Řídící pole proměnné | CZ PrSKC |
| 005 - Datum posledního zpracování | |
| Řídící pole 16B | 20260415093338.0 |
| 007 - Pole pevné délky pro fyzický popis | |
| Řídící pole kódované | ta |
| 008 - Údaje pevné délky | |
| Řídící pole kódované 40B | 260317s2026 xr a e 000 0 cze d |
| 020 ## - ISBN | |
| ISBN | 9788076883543 |
| 040 ## - Zdroj katalogizace-agentura | |
| Agentura původní katalogizace | CBA001 |
| Jazyk katalogizace | cze |
| Použitá pravidla popisu | rda |
| 072 #7 - Kód předmětové kategorie - Konspekt | |
| Předmětová kategorie | 811.111 |
| Zpřesnění předmětové kategorie | Angličtina |
| Zdroj předmětové klasifikace | Konspekt |
| 072 #7 - Kód předmětové kategorie - Konspekt | |
| Předmětová kategorie | 0/9-053.2 |
| Zpřesnění předmětové kategorie | Literatura pro děti a mládež (naučná) |
| Zdroj předmětové klasifikace | Konspekt |
| 080 ## - MDT | |
| Klasifikační znak MDT | 811.111 |
| Idetifikátor vydání MDT | MRF |
| 080 ## - MDT | |
| Klasifikační znak MDT | (0.025.2) |
| Idetifikátor vydání MDT | MRF |
| 080 ## - MDT | |
| Klasifikační znak MDT | (02)004.031.42 |
| Idetifikátor vydání MDT | MRF |
| 080 ## - MDT | |
| Klasifikační znak MDT | (0.053.2) |
| Idetifikátor vydání MDT | MRF |
| 100 1# - Hlavní záhlaví - osobní jméno autora | |
| Osobní jméno | Parkanová, Šárka, |
| Datumy související se jménem | 1991- |
| Kód role | aut |
| 9 (RLIN) | 17385 |
| 245 10 - Údaje o názvu | |
| Název | My First Book of English 3 : |
| Další údaje o názvu | interaktivní mluvicí kniha / |
| Údaj o odpovědností, atd. | námět, obsah a texty: Šárka Parkanová ; ilustrace: Gabriela Hloz |
| 250 ## - Údaje o vydání | |
| Označení vydání | 1. vydání |
| 264 #1 - Nakladatelské údaje | |
| Místo vydání | Praha : |
| Nakladatel | Albi, |
| Rok vydání | 2026 |
| 300 ## - Fyzický popis | |
| Rozsah | 16 nečíslovaných stran : |
| další fyzické údaje | barevné ilustrace ; |
| Rozměry | 23 cm |
| 500 ## - Všeobecná poznámka | |
| Text obecné poznámky | Kartonové listy |
| 500 ## - Všeobecná poznámka | |
| Text obecné poznámky | Funguje pouze s elektronickou Albi tužkou, která není součástí publikace |
| 650 07 - Vedlejší věcné záhlaví - věcné téma | |
| Věcné téma | angličtina |
| Zdroj záhlaví nebo termínu | czenas |
| 9 (RLIN) | 1315 |
| 655 #7 - Rejstříkový termín - žánr/forma | |
| Žánr/forma či základní termín | interaktivní mluvící knihy |
| -- | 9294 |
| 655 #7 - Rejstříkový termín - žánr/forma | |
| Žánr/forma či základní termín | leporela |
| -- | 906 |
| 655 #7 - Rejstříkový termín - žánr/forma | |
| Žánr/forma či základní termín | publikace pro děti |
| 700 1# - Vedlejší záhlaví - osobní jméno autora | |
| Osobní jméno | Hloz, Gabriela, |
| Datumy související se jménem | 1992- |
| Kód role | ill |
| 9 (RLIN) | 16982 |
| 710 2# - Vedlejší záhlaví - jméno korporativního autora | |
| Jméno korporace nebo jurisdikce | Albi (firma) |
| Kód role | pbl |
| 9 (RLIN) | 13389 |
| 910 ## - Údaje o vlastníkovi jednotky (exempláře) | |
| Sigla vlastníka jednotky | ABG508 |
| Stav ztráty | Zdroj klasifikace pro skladování | Stav poškození |
|---|---|---|
| Universal Decimal Classification |